| 000 | 00625ntaaa2200205 4500 | ||
|---|---|---|---|
| 003 | 01 | ||
| 005 | 20251027202148.0 | ||
| 008 | 0714s1973 ag 01 | ||
| 040 |
_aAR-BaBN _bspa _cAR-BaBN _eaacr _dRIC |
||
| 082 | _a264.2000 So8j | ||
| 100 |
_aSouthern Baptist Church Music Conference, Atlanta, 1978 _920099 |
||
| 245 | _aJournal of the Southern Baptist Church Music Conference, June 11-12 1978 | ||
| 250 | _a1 ed. | ||
| 260 |
_aAtlanta : _bSouthern Baptist Church Music Conference, _c1979 |
||
| 300 | _a160, 13 p. frag. de part. | ||
| 650 | _amúsica | ||
| 650 | _aadoracion | ||
| 650 | _aeducación musical | ||
| 942 | _cBK | ||
| 999 |
_c16579 _d16579 |
||